000 00357nam a2200157Ia 4500
008 230524s9999 xx 000 0 und d
082 _bSIN
100 _aSwarn Singh
_942043
245 0 _aWorkshop Practice
250 _a1
260 _aNew Delhi
_bKatson
_c2008
300 _a257p;
500 _aQuantity Number: 1
650 _aWorkshop
942 _cBK
999 _c56460
_d56460